Vozes da sabedoria (Registo nº 199678)

Detalhes MARC
000 -Etiqueta do registo
Valores 00651nam 22001813 4500
100 ## - Dados gerais de processamento
Dados gerais 20251222d u||y0pory50 ba
200 ## - Titulo e menção de responsabilidade
Título próprio Vozes da sabedoria
Primeira menção de responsabilidade coordenação de Maria de Sousa Carrusca
210 ## - Publicação
Local de publicação [S.l.]
Nome do editor edição da coordenadora
Data de publicação 1974-1976
215 ## - Descrição física 
Paginação / Volumes 3 vols.
Outras indicações físicas brochado
Dimensões 21 cm
327 ## - Nota de conteúdo
Texto da nota Vol. 1: XVI, 354, [2] p.<br/>Vol. 2.: 359, [2] p.<br/>Vol. 3: 320 p.
606 ## - Nome comum usado como assunto
ID Autoridade 2051
Palavra de ordem Antropologia Cultural. Etnologia. Etnografia. Usos e Costumes. Tradições. Modo de vida. Folclore
675 ## - CDU
Notação 39
Edição PT
Língua por
701 ## - Co-autor principal (pessoa individual)
ID Autoridade 4645
Apelido Carrusca
Nome Maria de Sousa
801 ## - Fonte de origem
País PT
Agência BMMN
Regras de catalogação RPC
830 ## - Notas gerais do catalogador
Criado por Vanda
990 ## - Elementos KOHA
Tipo de documento Livro
Exemplares
Situação do levantamento Biblioteca de origem Código de barras Cota Permissão de empréstimo Tipo de documento Forma de aquisição
  Biblioteca Municipal de Montemor-o-Novo 28626 39 VOZ|DEP (vol. I)   Livro Compra
  Biblioteca Municipal de Montemor-o-Novo 28627 39 VOZ|DEP (vol. II)   Livro Compra
  Biblioteca Municipal de Montemor-o-Novo 28628 39 VOZ|DEP (vol. III)   Livro Compra

Powered by Koha